000 003010000a22000970004500
100 1 _aLightner, Lydia
245 1 0 _aLAM's grandchildren : A Costa Rican's pilgrimage takes him to Africa
300 _aVol. 75, Num. 1 (Enero-Junio, 1995), Páginas 18-19
773 0 _tLatin America Evangelist
942 _cANA
999 _c54909
_d54909